000
00276nam a22001337a 4500
082
_a
894.812
_b
NJA/P
100
_a
NJANODHAYAN, SWAMI
245
_a
POORNNANAYA GURU
260
_a
KANNUR
_b
SWAMI NAJANODAYAN
300
_a
96
520
_a
NOVEL
650
_a
NOVEL
942
_c
BK
999
_c
5532
_d
5532